Stage design: four centuries of scenic invention

Guardado en:
Detalles Bibliográficos
Autor principal: Oenslager, Donald (Autor)
Formato: Libro
Lenguaje:inglés
Publicado: Nueva York Viking 1975
Materias:
Etiquetas: Agregar Etiqueta
Sin Etiquetas, Sea el primero en etiquetar este registro!

MARC

LEADER 00000nam a2200000 a 4500
001 UCO4897
003 CL-VaPUC
008 000825e19750000US |||||||||||||||||eng|d
082 0 4 |a 792.025  |b OEN  |2 21 
100 0 |a Oenslager, Donald  |e author  |9 449566 
245 1 0 |a Stage design: four centuries of scenic invention 
300 |a 303 p 
942 |c BK 
945 |d 20000825 00:00:00  |a crobeson 
260 |a Nueva York  |b Viking  |c 1975 
650 0 |a Artes escénicas  |9 318853 
650 0 |a Teatro  |9 265385 
650 7 |a ESCENARIOS  |2 CL-VaPUC  |9 449567 
650 7 |a TEATRO ANTIGUO  |2 CL-VaPUC  |9 449568 
650 7 |a TEATRO RENACENTISTA  |2 CL-VaPUC  |9 449569 
650 7 |a TEATRO BARROCO  |2 CL-VaPUC  |9 449570 
650 7 |a TEATRO MODERNO  |2 CL-VaPUC  |9 449571 
583 |a last modification  |c 20000825 00:00:00  |k Rodrigo Vera 
999 |c 290862  |d 290860 
952 |0 0  |1 0  |4 0  |6 792_025000000000000_OEN_1975  |7 0  |8 A  |9 340472  |a BIBART  |b BIBART  |d 2019-11-20  |i 1216775  |o 792.025 OEN 1975  |p 1216775  |r 2025-03-13  |w 2019-11-20  |y BK  |k ART